Physiological plant ecology : Ecophysiology and stress physiology of functional groups (Record no. 40833)

MARC details
000 -LEADER
fixed length control field 00498nam a2200169Ia 4500
082 ## - DEWEY DECIMAL CLASSIFICATION NUMBER
Classification number 581.5:581.1
Item number LAR
100 ## - MAIN ENTRY--AUTHOR NAME
Personal name Larcher, Walter
245 #0 - TITLE STATEMENT
Title Physiological plant ecology : Ecophysiology and stress physiology of functional groups
250 ## - EDITION STATEMENT
Edition statement Ed.3
260 ## - PUBLICATION, DISTRIBUTION, ETC. (IMPRINT)
Place of publication New York
Name of publisher Springer-Verlag
Year of publication 1995
650 ## - SUBJECT ADDED ENTRY--TOPICAL TERM
Topical Term Carbon utilization
650 ## - SUBJECT ADDED ENTRY--TOPICAL TERM
Topical Term Mineral elements
650 ## - SUBJECT ADDED ENTRY--TOPICAL TERM
Topical Term Stress physiology
650 ## - SUBJECT ADDED ENTRY--TOPICAL TERM
Topical Term Water relations
942 ## - ADDED ENTRY ELEMENTS (KOHA)
Koha item type Books
Holdings
Withdrawn status Lost status Damaged status Not for loan Home library Current library Date acquired Cost, normal purchase price Full call number Accession Number Koha item type
        RRII Library RRII Library 16/12/2021 68.00 581.5:581.1 LAR 21127 Books